00805nam a2200193 a 450000100100000000500170001000800410002704000250006808200150009310000340010824501200014226000340026230000270029670000300032304900090035395201130036295201190047599900170059400001626220200929164337.0100302s19uu dr a 000 0 spa d aDO-SdBNPbspacBNPHU axxxbM385d1 aMartínez, Antonio C.93632310aDelincuencia y deportación del extranjero en la ley de inmigración /cAntonio C. Martínez, Pablo E. Polastri. a[s. c.] :b[s.n.],c[19-- ?]. a75 p. :bil. ;c22 cm.1 aPolastri, Pablo E.936324 aBNPD 0010718PDaPDbPDcCTd2010-07-09iLF1l0oxxx M385dp16262-10r2020-06-25w2020-06-25yLFPDZNo se presta 0010718PDaPDbPDcCTd2010-07-09iLF1l0oxxx M385dp16262-20r2020-06-25te. 2w2020-06-25yLFPDZNo se presta c15799d15799